000
00285nam a22001337a 4500
008
170821b xxu||||| |||| 00| 0 eng d
020
_a
0153536403
041
_a
eng
080
_2
2ND
_a
51
100
_a
37
101
_a
MAT
245
_a
HBJ ALGEBRA 1
_c
COXFORD,A.F
942
_2
udc
_c
BK
999
_c
24167
_d
24167